Responses for Show #7333 - Wednesday, June 29, 2016

Contestants

[<< previous game]

Christie O'Shaughnessy, a math and science educator from Princeton, New Jersey

Addie Kluemper, an aerospace engineer from Peachtree City, Georgia

Harris Stutman, a medical informaticist from Huntington Beach, California (whose 3-day cash winnings total $63,500)

[next game >>]

Jeopardy! Round responses

VODKA COUNTRY OF ORIGIN
THE GOLD BURGLARS
HISTORIC OOPSIES
ALLEYS
MULTIPLE MEANINGS
"LOST" & "FOUND"
(Alex: One, or perhaps both, of those words will come up in each correct response.)
    $200 26
Russia

Harris
    $200 9
Die Hard

Addie
    $200 1
Napoleon

Harris
    $200 14
Philadelphia

Christie
    $200 15
lap

Harris
    $200 3
Paradise Lost

Christie
    $400 4
(Addie: What is U.S.?)
(Christie: What is Poland?)

the Netherlands

AddieChristie
Triple Stumper
    $400 10
(Alex: Very talented man.)

Alfred Molina

Triple Stumper
    $400 2
Hitler

Addie
    $400 13
an alley-oop

Harris
    $400 16
pluck

Addie
    $400 5
Love's Labour's Lost

Christie
    $600 21
(Christie: What is Sweden?)

the United States

Christie
Triple Stumper
    $600 18
The Goonies

Addie
    $600 6
Mars

Harris
    $1,600 24
Tin Pan Alley

Christie
    $600 17
porter

Christie
    $600 11
(Harris: What is Shangri-La?)
...
(Alex: Harris realizes that that's not the title. [*] is the title, even though some of the activity takes place in Shangri-La.)

Lost Horizon

Harris
Triple Stumper
    $800 22
France

Christie
    $800 7
the Edsel

Addie
    $800 25
alabaster

Triple Stumper
    $800 19
fair

Christie
    $800 12
Alice Found There

Christie
    $1000 27
Poland

Triple Stumper
    $1000 8
Sweden

Harris
    $1000 28
[The end-of-round signal sounds.]

San Francisco

Christie
    $1000 23
spruce

Triple Stumper
    $1000 20
Founding Brothers

Christie

Scores at the first commercial break (after clue 14):

Harris Addie Christie
$1,600 $1,000 $1,200

Scores at the end of the Jeopardy! Round:

Harris Addie Christie
$2,000 $2,000 $6,400

Double Jeopardy! Round responses

TIME FOR SPACE
LIBRARIES
SRI LANKA
AUTOBIOGRAPHIES
ALL "CAP"S
(Alex: Each correct response will begin with those three letters.)
LOST & FOUND
    $400 25
Methuselah

Addie
    $400 19
(Harris: What is the Netherlands?)

Belgium

HarrisChristie
    $400 20
an elephant

Triple Stumper
    $400 4
Aerosmith

Addie
    $400 6
capillaries

Addie
    $400 13
Hawaii Five-O

Harris
    $800 8
Goldilocks

Addie
    $800 16
Melbourne

Triple Stumper
    $800 21
Ceylon

Harris
    $800 2
Infidel

Triple Stumper
    $800 7
capitalism

Christie
    $800 10
Mission: Impossible

Harris
    $1200 9
a comet

Christie
    $1200 17
Pittsburgh

Christie
    $1200 22
cardamom

Christie
    $1,600 1
[Harris selected the first clue.]
(Harris: What is... Lives?)

Confessions

Harris
    $1200 15
Capri

Christie
    $1200 11
Person of Interest

Triple Stumper
    $1600 26
Venus

Addie
    $1600 18
Simi Valley

Harris
    $1600 23
Colombo

Christie
    $1600 3
Ron Kovic

Triple Stumper
    $1600 12
Ant-Man

Harris
    $2,000 27
(Alex: Addie?)
(Addie: What is a planet-like rock?)
[The end-of-round signal sounds.]

a dwarf planet

Addie
    $2000 24
(Alex: Less than a minute to go now, Christie.)

the Bo Tree (or Bodhi Tree)

Triple Stumper
    $2000 5
Act I

Harris
    $2000 14
The 100

Triple Stumper

Scores at the end of the Double Jeopardy! Round:

Harris Addie Christie
$7,200 $3,600 $14,000

[wagering suggestions for these scores]

Final Jeopardy! Round responses

U.S. STATE GEOGRAPHY
(Alex: [To Addie] ...and it looks like you were going for, what, Montana?)
(Addie: Maine.)
AddieWhat are California and Mo
$3,558
HarrisWhat are California + Washington
$7,000
ChristieWhat is CA and WA?
$401
California & Washington

Final scores:

Harris Addie Christie
$14,200 $42 $14,401
2nd place: $2,000 3rd place: $1,000 New champion: $14,401

Game dynamics:

Coryat scores:

Harris Addie Christie
$8,800 $5,600 $13,000
12 R,
3 W
(including 1 DD)
10 R,
2 W
(including 1 DD)
17 R
(including 1 DD),
2 W

Combined Coryat: $27,400

[game clues] [game scores] [suggest correction]

Game tape date: 2016-03-29
The J! Archive is created by fans, for fans. Scraping, republication, monetization, and malicious use prohibited; this site may use cookies and collect identifying information. See terms. The Jeopardy! game show and all elements thereof, including but not limited to copyright and trademark thereto, are the property of Jeopardy Productions, Inc. and are protected under law. This website is not affiliated with, sponsored by, or operated by Jeopardy Productions, Inc. Join the discussion at JBoard.tv.